Víťazný október a sila socialistického spoločenstva

Bibliographic Details
Main Author: Stepanov, Vadim Michajlovič (Author)
Format: Article
Language:Slovak
Subjects:

MARC

LEADER 00000nab a2200000 a 4500
001 vtls000070534
003 SK-MaSNL
005 20260305001259.0
008 220422c1980 xo 0 slo
015 |a SNBRB19rr/mm-uuuuu 
035 |a CL0080635 
040 |a SNKBUCL  |b slo  |c SNKBUCL  |e AACR2 
041 0 |a slo 
044 |a xo  |c SK 
080 |a 323(47+57)  |2 1981 
100 1 |a Stepanov, Vadim Michajlovič  |4 aut  |9 1576492 
245 1 0 |a Víťazný október a sila socialistického spoločenstva  |c Vadim Michajlovič Stepanov 
650 0 7 |a októbrová revolúcia (1917 : Rusko)  |2 snkbucl  |9 164524 
655 7 |a články z novín a časopisov  |2 snkbucl  |9 267496 
773 0 |t Bojovník  |g Roč. 25, č. 45-46 (1980), s. 1 a 3 
850 |a Slovenská národná knižnica v Martine  |a MTA001 
852 |a SNK  |b KIS3GCP 
958 |a RK 
958 |a ME 
958 |a RU 
992 |a RBX 
999 |c 3218413  |d 3220343